TB. OF SOCIOLOGY FOR NURSING STUDENTS (Record no. 2208)

MARC details
000 -LEADER
fixed length control field 00325nam a2200133Ia 4500
008 - FIXED-LENGTH DATA ELEMENTS--GENERAL INFORMATION
fixed length control field 150201s2010 xx 000 0 und d
082 ## - DEWEY DECIMAL CLASSIFICATION NUMBER
Classification number 301
Item number S10N
100 ## - MAIN ENTRY--PERSONAL NAME
Personal name NEERJA, K.P.
245 ## - TITLE STATEMENT
Title TB. OF SOCIOLOGY FOR NURSING STUDENTS
260 ## - PUBLICATION, DISTRIBUTION, ETC. (IMPRINT)
Name of publisher, distributor, etc. JAYPEE
Place of publication, distribution, etc. DELHI
Date of publication, distribution, etc. 2010
300 ## - PHYSICAL DESCRIPTION
Extent 607
650 ## - SUBJECT ADDED ENTRY--TOPICAL TERM
Topical term or geographic name as entry element SOCIOLOGY
942 ## - ADDED ENTRY ELEMENTS (KOHA)
Source of classification or shelving scheme Dewey Decimal Classification
Koha item type Books
Koha issues (borrowed), all copies 41
Holdings
Withdrawn status Lost status Source of classification or shelving scheme Damaged status Not for loan Collection code Home library Current library Shelving location Date acquired Source of acquisition Cost, normal purchase price SGTU Bill Number Total Checkouts Full call number Barcode Date last seen Date last checked out Bill Date Koha item type
    Dewey Decimal Classification     NURSING SGT Medical Library SGT Medical Library Text Book 06/07/2014 ABC DELHI 395.00 SGTU 4669 61 301 S10N FN1551 15/12/2025 01/12/2025 06/07/2014 Books
    Dewey Decimal Classification     NURSING SGT Medical Library SGT Medical Library Text Book 06/07/2014 ABC DELHI 395.00 SGTU 4669 41 301 S10N FN1552 10/01/2026 07/01/2026 06/07/2014 Books
    Dewey Decimal Classification     NURSING SGT Medical Library SGT Medical Library Text Book 06/07/2014 ABC DELHI 395.00 SGTU 4669 51 301 S10N FN1553 15/12/2025 05/12/2025 06/07/2014 Books